000 00537nam a2200193 i 4500
001 81872
003 ES-MaACL
005 20251202190218.0
007 t|
008 041108s1919 sp ||||1| spa d
100 1 _aIglesias, Pablo,
_d1850-1925
_9242571
245 1 0 _aPropaganda socialista /
_cPablo Iglesias.
260 _aMadrid :
_b[s.n.,
_c1919] (
_fLibreria Pedagógica)
300 _a307 p. ;
_c19 cm.
650 7 _2embne
_917147
_aSocialismo
852 _aES-MaACL
_jF-13416
942 _2udc
999 _c81872
_d81872